Kinh tế ngày nay = Economy today
Salvato in:
| Autore principale: | |
|---|---|
| Natura: | Libro |
| Lingua: | Undetermined |
| Pubblicazione: |
Hà Nội
Đại học Quốc gia
2002
|
| Tags: |
Aggiungi Tag
Nessun Tag, puoi essere il primo ad aggiungerne! !
|
| Thư viện lưu trữ: | Trung tâm Học liệu Trường Đại học Cần Thơ |
|---|
| LEADER | 00553nam a2200193Ia 4500 | ||
|---|---|---|---|
| 001 | CTU_60645 | ||
| 008 | 210402s9999 xx 000 0 und d | ||
| 020 | |b 200000 | ||
| 082 | |a 330.973 | ||
| 082 | |b S334 | ||
| 100 | |a SChiller, Brandley R. | ||
| 245 | 0 | |a Kinh tế ngày nay = | |
| 245 | 0 | |b Economy today | |
| 245 | 0 | |c Brandley R. SChiller; Trần Nam Bình biên dịch | |
| 260 | |a Hà Nội | ||
| 260 | |b Đại học Quốc gia | ||
| 260 | |c 2002 | ||
| 904 | |i Minh, Năm | ||
| 980 | |a Trung tâm Học liệu Trường Đại học Cần Thơ | ||